| 000 | 00751nam a2200229 i 4500 | ||
|---|---|---|---|
| 001 | 107969 | ||
| 003 | ES-MaACL | ||
| 005 | 20250829080506.0 | ||
| 007 | t| | ||
| 008 | 070105s1970 sp ||||1| spa d | ||
| 080 | _a860-32"19" | ||
| 080 | _a869.9-32"19" | ||
| 100 | 1 |
_aCunqueiro, Álvaro, _d1911-1981 _942188 |
|
| 245 | 1 | 4 |
_aLas crónicas de Sochantre / _cAlvaro Cunqueiro; prólogo de Néstor Luján. |
| 260 |
_aEstella (Navarra) : _bSalvat, _c1970. |
||
| 300 |
_a160 p. ; _c19 cm. |
||
| 490 | 1 |
_aBiblioteca básica Salvat de Libros RTV ; _v90 |
|
| 700 | 0 |
_aLuján, Néstor, _d1922-1995 _974707 |
|
| 830 | 0 | 0 |
_aBiblioteca básica Salvat de libros RTV _v90 _9185398 |
| 852 |
_aES-MaACL _jE-3011 _bR.69765 |
||
| 999 |
_c107969 _d107969 |
||